Current Trends in Web Engineering 15th International Conference, ICWE 2015 Workshops, NLPIT, PEWET, SoWEMine, Rotterdam, The Netherlands, June 23-26, 2015. Revised Selected Papers /

This book constitutes the thoroughly refereed post-conference proceedings of Current Trends in Web Engineering, ICWE Workshops 2015 which was held in June 2015 in Rotterdam, The Netherlands. The 16 revised full papers were selected form 23 submissions and cover topics on natural language processing...

Full description

Corporate Author: SpringerLink (Online service)
Other Authors: Daniel, Florian. (Editor, http://id.loc.gov/vocabulary/relators/edt), Diaz, Oscar. (Editor, http://id.loc.gov/vocabulary/relators/edt)
Language:English
Published: Cham : Springer International Publishing : Imprint: Springer, 2015.
Edition:1st ed. 2015.
Series:Information Systems and Applications, incl. Internet/Web, and HCI ; 9396
Subjects:
Online Access:https://doi.org/10.1007/978-3-319-24800-4
LEADER 02871nam a22005415i 4500
001 978-3-319-24800-4
003 DE-He213
005 20210624225723.0
007 cr nn 008mamaa
008 150921s2015 gw | s |||| 0|eng d
020 |a 9783319248004  |9 978-3-319-24800-4 
024 7 |a 10.1007/978-3-319-24800-4  |2 doi 
050 4 |a QA75.5-76.95 
072 7 |a UNH  |2 bicssc 
072 7 |a COM030000  |2 bisacsh 
072 7 |a UNH  |2 thema 
072 7 |a UND  |2 thema 
082 0 4 |a 025.04  |2 23 
245 1 0 |a Current Trends in Web Engineering  |h [electronic resource] :  |b 15th International Conference, ICWE 2015 Workshops, NLPIT, PEWET, SoWEMine, Rotterdam, The Netherlands, June 23-26, 2015. Revised Selected Papers /  |c edited by Florian Daniel, Oscar Diaz. 
250 |a 1st ed. 2015. 
264 1 |a Cham :  |b Springer International Publishing :  |b Imprint: Springer,  |c 2015. 
300 |a XVI, 199 p. 42 illus. in color.  |b online resource. 
336 |a text  |b txt  |2 rdacontent 
337 |a computer  |b c  |2 rdamedia 
338 |a online resource  |b cr  |2 rdacarrier 
347 |a text file  |b PDF  |2 rda 
490 1 |a Information Systems and Applications, incl. Internet/Web, and HCI ;  |v 9396 
505 0 |a Natural Language Processing for Informal Text -- Pervase WEb Technologies -- Mining the Social Web. 
520 |a This book constitutes the thoroughly refereed post-conference proceedings of Current Trends in Web Engineering, ICWE Workshops 2015 which was held in June 2015 in Rotterdam, The Netherlands. The 16 revised full papers were selected form 23 submissions and cover topics on natural language processing for informal text, pervasive Web technologies, trends and challenges, and mining in the social Web. 
650 0 |a Information storage and retrieval. 
650 0 |a Data mining. 
650 0 |a Software engineering. 
650 1 4 |a Information Storage and Retrieval.  |0 https://scigraph.springernature.com/ontologies/product-market-codes/I18032 
650 2 4 |a Data Mining and Knowledge Discovery.  |0 https://scigraph.springernature.com/ontologies/product-market-codes/I18030 
650 2 4 |a Software Engineering.  |0 https://scigraph.springernature.com/ontologies/product-market-codes/I14029 
700 1 |a Daniel, Florian.  |e editor.  |4 edt  |4 http://id.loc.gov/vocabulary/relators/edt 
700 1 |a Diaz, Oscar.  |e editor.  |4 edt  |4 http://id.loc.gov/vocabulary/relators/edt 
710 2 |a SpringerLink (Online service) 
773 0 |t Springer Nature eBook 
776 0 8 |i Printed edition:  |z 9783319247991 
776 0 8 |i Printed edition:  |z 9783319248011 
830 0 |a Information Systems and Applications, incl. Internet/Web, and HCI ;  |v 9396 
856 4 0 |u https://doi.org/10.1007/978-3-319-24800-4 
912 |a ZDB-2-SCS 
912 |a ZDB-2-SXCS 
912 |a ZDB-2-LNC 
950 |a Computer Science (SpringerNature-11645) 
950 |a Computer Science (R0) (SpringerNature-43710)